00704nam a22002057a 450000500170000001000150001702000260003203500130005803700130007108200150008410000190009924500610011826000320017927000410021130000220025250000500027494200290032499900170035395201280037020160111131434.0 aENG-114389 a9789380615134c795.00 aEN-97921 bDBAD/PUB a333.720954 aBhuimali, Anil aNatural resources and social welfare /cby Anil Bhuimali aGurgaonbMadhav Booksc2014 aF-2562, Palam ViharbGurgaone122017 aix,173pc24cm(Hb) aIncludes bibliographical references and index 2ddccENmBHUh333.720954 c97928d97928 001040718NFICaDBADbDBADd2015-10-26eDBAD/PUBg795.00l0o333.720954 BHUpEN-97921r2015-10-26 00:00:00t1v795.00yEN